000 01011nam a22002537a 4500
005 20170123164147.0
010 _aB-124558
020 _c125.00
_a8178832143
035 _aB-124558
037 _bCen Lib/Ret
040 _aDPL
_bPN
082 _a
_bਥਿੰਦਗੁ
100 _aਥਿੰਦ, ਗੁਰਚਰਨ ਕੌਰ
_954275
245 _aਰਿਸਤਿਆਂ ਦੇ ਤਾਸੀਰ :
_cਗੁਰਚਰਨ ਕੌਰ ਥਿੰਦ
_bਕਹਾਨੀ ਸੰਗ੍ਰਹਿ /
246 _aRishteyan de taseer : short stories /
_bby Gurcharan Kaur Thind
260 _aਲੁਧਿਆਣਾ
_bਚੇਤਨਾ ਪ੍ਰਕਾਸ਼ਨ
_c2005
270 _aਪੰਜਾਬੀ ਭਵਨ
_bਲੁਧਿਆਣਾ
300 _a126p ;
_c20cm
650 _aਪੰਜਾਬੀ-- ਕਹਾਣੀ
_9133799
650 _aਸਾਹਿਤ -- ਪੰਜਾਬੀ
_9133800
650 _aliterature -- Punjabi
_9133801
650 _aPunjabi -- story
_9133802
942 _2ddc
_cPN
_h
_mਥਿੰਦਗੁ
999 _c110100
_d110100